| 000 | 00340nam a2200109Ia 4500 | ||
|---|---|---|---|
| 008 | 171204s9999 xx 000 0 und d | ||
| 245 | _aCIMA E3 Strategic Management: Objective Test Question Kit | ||
| 245 | _cBPP Learning Media | ||
| 260 | _c2015 | ||
| 650 | _xSTRATEGIC MANAGEMENT | ||
| 856 | _uhttp://down.ebook777.com/035/9781472713919.pdf | ||
| 999 |
_c347072 _d347072 |
||